[Event "SEMI ECT 5-B email"]
[Site "SEMI email"]
[Date "2000.??.??"]
[Round "?"]
[White "Di Leo, Enzo"]
[Black "Wood, Brian B"]
[Result "0-1"]
[WhiteElo "1000"]
[BlackElo "1029"]
[PlyCount "38"]
[EventDate "2000.10.10"]
[EventType "tourn (corr)"]
[EventRounds "8"]
[EventCountry "ITA"]
[SourceTitle "Corr 2008"]
[Source "ChessBase"]
[SourceDate "2008.06.24"]
[SourceVersion "1"]
[SourceVersionDate "2008.06.24"]
[SourceQuality "1"]

1. e4 c5 2. Nf3 d6 3. d4 cxd4 4. Nxd4 Nf6 5. Nc3 a6 6. Bc4 e6 7. Bb3 b5 8. a3 Be7 9. 0-0 0-0 10. Be3 Bd7 11. f4 Nc6 12. Qf3 Nxd4 13. Bxd4 Rc8 14. Rad1 e5 15. fxe5 Bg4 16. Qe3 dxe5 17. Bb6 Qe8 18. Rd2 Nd7 19. Nd5 Be6 0-1

[Event "SEMI ECT 5-B email"]
[Site "SEMI email"]
[Date "2000.??.??"]
[Round "?"]
[White "Hiatt, Dave"]
[Black "Di Leo, Enzo"]
[Result "1-0"]
[WhiteElo "1100"]
[BlackElo "1000"]
[PlyCount "36"]
[EventDate "2000.10.10"]
[EventType "tourn (corr)"]
[EventRounds "8"]
[EventCountry "ITA"]
[SourceTitle "Corr 2008"]
[Source "ChessBase"]
[SourceDate "2008.06.24"]
[SourceVersion "1"]
[SourceVersionDate "2008.06.24"]
[SourceQuality "1"]

1. e4 e5 2. Nf3 Nc6 3. Bc4 Bc5 4. 0-0 Nf6 5. Nc3 d6 6. d3 Bg4 7. a3 h6 8. Qe2 Nd4 9. Qd2 Bxf3 10. gxf3 Nxf3+ 11. Kh1 Nxd2 12. Bxd2 Ng4 13. Nd1 Qh4 14. Kg2 Qxh2+ 15. Kf3 Qh3+ 16. Ke2 Nh2 17. Rg1 Nf3 18. b4 Nxg1+ 1-0